• 首页
  • 本馆介绍
  • 公告通知
  • 最新文献
  • 馆藏检索
  • 电子资源
  • 读者导购
  • 参考咨询
  • 我的图书馆
  • 登录
  • 详细信息显示
  • 放入我的书架
  • 预约/预借图书
  • 作者相关作品
  • 分类相关作品
  • 丛书相关作品
  • 出版社相关作品

书目信息

  • 表格格式
  • 工作单格式
  • 卡片格式
题名:
中国能摆脱愚昧吗
    
 
作者: 张德霖 著
分册:  
出版信息: 北京   学苑出版社  1989
页数: 133页
开本: 19cm
丛书名: 经济学者对社会的警告
单 册:
中图分类: D6-51
科图分类:
主题词: 政治--中国--丛书
电子资源:
ISBN: 7-80060-311-3
000 00686nam0 2200229 45
001 0404211697
005 20050623155305.9
010    @a7-80060-311-3@dCNY1.65
100    @a20040421d1989 km y0chiy0120 ea
101 0  @achi
105    @a z 000yy
200 1  @a中国能摆脱愚昧吗@AZhong Guo Neng Bai Tuo Yu Mei Ma@f张德霖著@FZhang DeLin Zhu
210    @a北京@c学苑出版社@d1989
215    @a133页@d19cm
225    @a经济学者对社会的警告@f韩朝华主编
410    @12001 @a经济学者对社会的警告
410    @1700 0@a韩朝华@AHan Chao Hua@4主编
606 0  @a政治@x中国@x丛书
690    @aD6-51@v3
701  0 @a张德霖@4著
801    @aCN@bPftUser@c20040421
905    @dD6-51@e30:8@f1@b257137
    
    中国能摆脱愚昧吗/张德霖著.-北京:学苑出版社,1989
    133页;19cm.-(经济学者对社会的警告/韩朝华主编)
    
    
    ISBN 7-80060-311-3:CNY1.65
    
●
相关链接 在E读中查询图书 在五车中查询图书 在当当中查询图书 在豆瓣中查询图书


正题名:中国能摆脱愚昧吗     索取号:D6-51/30:8         预约/预借

序号 登录号 条形码 馆藏地/架位号 状态 备注
1 0257137   000484666   第一样本阅览室/ [索取号:D6-51/30:8] 在馆    
2 0257138   000484675   密集书库/ [索取号:D6-51/30:8] 在馆    
3 0257139   000484684   密集书库/ [索取号:D6-51/30:8] 在馆    
唐山师范学院图书馆 欢迎您!
大连网信软件有限公司© 版权所有